[Event "Open Portugal 2019"]
[Site "Lisboa POR"]
[Date "2019.02.06"]
[Round "6.64"]
[White "Cordeiro, João"]
[Black "Maloberti, David"]
[Result "0-1"]
[WhiteElo "1745"]
[BlackElo "2121"]
[WhiteFideId "1935291"]
[BlackFideId "620149"]
[WhiteCountry "POR"]
[BlackCountry "FRA"]
[PlyCount "108"]
[EventDate "2019.02.02"]

1. e4 e6 2. d4 d5 3. Nd2 Nf6 4. e5 Nfd7 5. Bd3 c5 6. c3 a5 7. Ne2 b6 8. O-O Ba6
9. Bxa6 Nxa6 10. f4 g6 11. Nf3 cxd4 12. cxd4 b5 13. b3 Be7 14. Qd3 Qb6 15. Bd2
O-O 16. Rac1 Ba3 17. Rc2 Rfc8 18. Rxc8+ Rxc8 19. Qb1 Nb4 20. Bxb4 axb4 21. Qd3
Qc6 22. Ne1 Bb2 23. g4 f5 24. gxf5 exf5 25. Rf3 Nf8 26. h4 Ra8 27. Qb1 Bc3 28.
Nxc3 bxc3 29. Qc2 b4 30. Nd3 Qb6 31. Nc5 Ne6 32. Nxe6 Qxe6 33. Rf2 Kf7 34. Kg2
Qb6 35. Qd3 Ke6 36. Kf3 Ra5 37. Ke3 Qa7 38. Qc2 Qg7 39. a4 Qh6 40. Rh2 Qh5 41.
Qe2 Qg4 42. Qxg4 fxg4 43. h5 g5 44. fxg5 Kf5 45. g6 hxg6 46. hxg6 Kxg6 47. Kf4
Rxa4 48. e6 Kf6 49. Rh6+ Kg7 50. bxa4 c2 51. Rh1 b3 52. Ke5 b2 53. e7 c1=Q 54.
e8=Q Qe3+ 0-1

[Event "Open Portugal 2019"]
[Site "Lisboa POR"]
[Date "2019.02.06"]
[Round "6.65"]
[White "Pirola, Claudionor"]
[Black "Damasceno, Jorge"]
[Result "1-0"]
[WhiteElo "2113"]
[BlackElo "1890"]
[WhiteFideId "2130556"]
[BlackFideId "1900960"]
[WhiteCountry "BRA"]
[BlackCountry "POR"]
[PlyCount "57"]
[EventDate "2019.02.02"]

1. e4 d6 2. d4 Nf6 3. Nc3 e5 4. Nf3 exd4 5. Nxd4 Be7 6. Be2 O-O 7. O-O Nc6 8.
Nxc6 bxc6 9. b3 Bb7 10. f4 Nd7 11. Bb2 Bf6 12. Qd2 Nc5 13. Bf3 a5 14. Rad1 Ne6
15. Qe3 Qe7 16. Ba3 c5 17. e5 dxe5 18. fxe5 Bg5 19. Qf2 Bxf3 20. Qxf3 Rad8 21.
Nd5 Qe8 22. Qg3 Be7 23. c3 c6 24. Ne3 Rxd1 25. Rxd1 f6 26. Qg4 Qf7 27. Nf5 Kh8
28. Rd7 Re8 29. Nd6 1-0

[Event "Open Portugal 2019"]
[Site "Lisboa POR"]
[Date "2019.02.06"]
[Round "6.66"]
[White "Bertola, Georges"]
[Black "Gonçalves, Gabriel"]
[Result "1/2-1/2"]
[WhiteElo "2101"]
[BlackElo "1845"]
[WhiteFideId "1307967"]
[BlackFideId "1945610"]
[WhiteCountry "SUI"]
[BlackCountry "POR"]
[PlyCount "36"]
[EventDate "2019.02.02"]

1. e4 e5 2. Bc4 Nf6 3. d3 Bc5 4. Nf3 d6 5. c3 Nc6 6. O-O a6 7. Bb3 Ba7 8. Qe2 h6
9. Nbd2 O-O 10. Nc4 Be6 11. Be3 b5 12. Ncd2 Re8 13. Bxa7 Rxa7 14. Bxe6 Rxe6 15.
d4 d5 16. dxe5 Nxe5 17. Nd4 Rb6 18. f4 Nc4 1/2-1/2

[Event "Open Portugal 2019"]
[Site "Lisboa POR"]
[Date "2019.02.06"]
[Round "6.67"]
[White "Barbier, Wim"]
[Black "Marcos Herrero, Francisco"]
[Result "1-0"]
[WhiteElo "2086"]
[BlackElo "1837"]
[WhiteFideId "202100"]
[BlackFideId "2279045"]
[WhiteCountry "BEL"]
[BlackCountry "ESP"]
[PlyCount "62"]
[EventDate "2019.02.02"]

1. Nf3 c5 2. b3 d5 3. Bb2 Nf6 4. e3 g6 5. c4 Bg7 6. cxd5 O-O 7. Qc2 Qxd5 8. Nc3
Qd8 9. a3 Bg4 10. Be2 Nc6 11. Na4 Rc8 12. O-O b6 13. Ba6 Bxf3 14. gxf3 Rc7 15.
Be2 Qc8 16. Kg2 Rd8 17. Rfd1 Rcd7 18. Rac1 Rd5 19. f4 e5 20. Nc3 exf4 21. Nxd5
Rxd5 22. Bxf6 Bxf6 23. Qe4 Rg5+ 24. Kh1 f3 25. Bxf3 Ne5 26. Rg1 Nxf3 27. Qxf3
Rf5 28. Qg2 Bb2 29. Rb1 Bxa3 30. Ra1 Bb4 31. Rxa7 Kg7 1-0

[Event "Open Portugal 2019"]
[Site "Lisboa POR"]
[Date "2019.02.06"]
[Round "6.68"]
[White "Huse, Sigurd"]
[Black "Hestvik, Elias"]
[Result "1-0"]
[WhiteElo "2080"]
[BlackElo "1825"]
[WhiteFideId "1520717"]
[BlackFideId "1534904"]
[WhiteCountry "NOR"]
[BlackCountry "NOR"]
[PlyCount "41"]
[EventDate "2019.02.02"]

1. e4 c6 2. Nf3 d5 3. Nc3 dxe4 4. Nxe4 Nf6 5. Nxf6+ exf6 6. Bc4 Qe7+ 7. Be2 Be6
8. O-O Nd7 9. d4 O-O-O 10. c4 Ne5 11. Qa4 Nxf3+ 12. Bxf3 Kb8 13. d5 cxd5 14.
cxd5 Bxd5 15. Bxd5 Rxd5 16. Bf4+ Re5 17. Bxe5+ fxe5 18. Rfd1 a6 19. Rac1 g6 20.
Rd7 Qg5 21. Rxb7+ 1-0

[Event "Open Portugal 2019"]
[Site "Lisboa POR"]
[Date "2019.02.06"]
[Round "6.69"]
[White "Harshal, Shahi"]
[Black "Selva Salvador, Antonio"]
[Result "1-0"]
[WhiteElo "2064"]
[BlackElo "1825"]
[WhiteFideId "5048257"]
[BlackFideId "2223821"]
[WhiteTitle "FM"]
[WhiteCountry "IND"]
[BlackCountry "ESP"]
[PlyCount "41"]
[EventDate "2019.02.02"]

1. e4 e5 2. Nf3 f5 3. Nxe5 Nf6 4. Bc4 Qe7 5. d4 d6 6. Bf7+ Kd8 7. Bb3 Be6 8.
Bxe6 Qxe6 9. exf5 Qd5 10. O-O dxe5 11. dxe5 Qxd1 12. Rxd1+ Nfd7 13. e6 Ke8 14.
exd7+ Nxd7 15. Nc3 c6 16. Ne4 Nf6 17. Ng5 Be7 18. Re1 h6 19. Nf3 Nd7 20. Bf4 Kf7
21. Rad1 1-0

[Event "Open Portugal 2019"]
[Site "Lisboa POR"]
[Date "2019.02.06"]
[Round "6.70"]
[White "Bártolo, Filipe"]
[Black "Fernández Vallejo, Luis"]
[Result "1/2-1/2"]
[WhiteElo "1666"]
[BlackElo "2063"]
[WhiteFideId "1942565"]
[BlackFideId "2296853"]
[WhiteCountry "POR"]
[BlackCountry "ESP"]
[PlyCount "166"]
[EventDate "2019.02.02"]

1. e4 d6 2. Nf3 Nf6 3. d3 e5 4. g3 Nc6 5. Bg2 Be7 6. O-O O-O 7. Nbd2 d5 8. a3
dxe4 9. Nxe4 Nxe4 10. dxe4 Bg4 11. Be3 Qxd1 12. Raxd1 Rfd8 13. h3 Be6 14. Rd3
Bc4 15. Rxd8+ Rxd8 16. Rc1 a6 17. Bf1 Be6 18. Ng5 Bxg5 19. Bxg5 f6 20. Be3 Nd4
21. Kg2 Rd7 22. Bd3 c5 23. c3 Nb3 24. Rd1 Kf7 25. Bc2 Rxd1 26. Bxd1 b6 27. h4
Na5 28. b4 cxb4 29. cxb4 Nc4 30. Bc1 b5 31. Bb3 Nd6 32. Bc2 g6 33. Bb2 Nc4 34.
Bc1 h5 35. Bd3 Nd6 36. Kf3 Bc4 37. Bc2 Bf1 38. Bb3+ Bc4 39. Bc2 Ba2 40. Bd3 Ke6
41. Ke3 Bc4 42. Bc2 Bf1 43. Bb3+ Bc4 44. Bc2 Ba2 45. Bd3 Bb3 46. f3 Bd1 47. Bb2
Bb3 48. Bc1 Ba2 49. Bb2 Bc4 50. Bc2 Bf1 51. Bb3+ Bc4 52. Bc2 Kd7 53. Bc1 Be6 54.
Bd3 Bb3 55. Bb2 Bc4 56. Bc2 Bf1 57. Bb3 Bc4 58. Bc2 Ba2 59. Bd3 Ke6 60. Bc1 Bb3
61. Bb2 f5 62. Bc1 Bd1 63. Bb2 fxe4 64. fxe4 Bb3 65. Bc1 Bc4 66. Bc2 Bf1 67.
Bb3+ Bc4 68. Bc2 Kf6 69. Kf2 Ba2 70. Bd3 Bb3 71. Ke1 Be6 72. Kf2 Bd7 73. Be3 Be6
74. Bg5+ Kf7 75. Be3 Bc4 76. Bc2 Be6 77. Bd3 Bh3 78. Bc5 Ke6 79. Bxd6 Kxd6 80.
Ke3 Be6 81. Be2 Ke7 82. Bd3 Bc8 83. Be2 Kd7 1/2-1/2

[Event "Open Portugal 2019"]
[Site "Lisboa POR"]
[Date "2019.02.06"]
[Round "6.71"]
[White "Fossan, Aleksander"]
[Black "Maselli, Daniel"]
[Result "1-0"]
[WhiteElo "2040"]
[BlackElo "1816"]
[WhiteFideId "1519794"]
[BlackFideId "2814140"]
[WhiteCountry "NOR"]
[BlackCountry "ITA"]
[PlyCount "103"]
[EventDate "2019.02.02"]

1. e4 c5 2. c3 d6 3. d4 Nf6 4. Bd3 g6 5. Nf3 Bg7 6. O-O O-O 7. h3 a6 8. Be3 Qc7
9. Nbd2 b5 10. a4 c4 11. Bb1 Bb7 12. axb5 axb5 13. Rxa8 Bxa8 14. b3 Qa5 15. bxc4
bxc4 16. Qc2 Rc8 17. Ba2 d5 18. e5 Ne8 19. Ra1 Nc7 20. Qb2 Qb5 21. Qa3 Bf8 22.
Bb1 e6 23. Qc1 Bc6 24. Bc2 Nd7 25. h4 Rb8 26. Rb1 Qa5 27. Rxb8 Nxb8 28. Nb1 Ba4
29. h5 Bxc2 30. Qxc2 Nb5 31. hxg6 hxg6 32. Nh2 Qa1 33. Qc1 Nc6 34. Ng4 Bg7 35.
Kh2 Na5 36. Kg3 Nb3 37. Qc2 Na3 38. Nxa3 Qxa3 39. Qd1 Qa1 40. Qc2 Qa3 41. f3 Qa1
42. Bg5 Qe1+ 43. Kh2 Qa1 44. Bf6 Bf8 45. Qf2 Bg7 46. Qh4 Qc1 47. Bg5 Nd2 48.
Nf6+ Kf8 49. Qh7 Bxf6 50. exf6 Nxf3+ 51. gxf3 Qd2+ 52. Kh3 1-0

[Event "Open Portugal 2019"]
[Site "Lisboa POR"]
[Date "2019.02.06"]
[Round "6.72"]
[White "Darnell, Anton"]
[Black "Basílio, Rodrigo"]
[Result "1-0"]
[WhiteElo "2039"]
[BlackElo "1808"]
[WhiteFideId "1720244"]
[BlackFideId "1941380"]
[WhiteCountry "SWE"]
[BlackCountry "POR"]
[PlyCount "57"]
[EventDate "2019.02.02"]

1. d4 Nf6 2. c4 e6 3. Nc3 Bb4 4. Qc2 O-O 5. a3 Bxc3+ 6. Qxc3 d5 7. Nf3 b6 8.
cxd5 Nxd5 9. Qc2 Bb7 10. e4 Ne7 11. Bf4 c5 12. dxc5 bxc5 13. Be2 Ng6 14. Rd1
Qa5+ 15. Bd2 Qb6 16. O-O Qc6 17. Bc3 Nd7 18. Nd2 Rac8 19. f3 f5 20. exf5 exf5
21. Qb3+ Kh8 22. Nc4 Qe6 23. Qxb7 Nb6 24. Rd6 Qe8 25. Re1 Rf7 26. Qa6 Nxc4 27.
Bxc4 Re7 28. Rde6 Ne5 29. Rxe7 1-0

[Event "Open Portugal 2019"]
[Site "Lisboa POR"]
[Date "2019.02.06"]
[Round "6.73"]
[White "Bub, Volker"]
[Black "Barrento, Jorge"]
[Result "1-0"]
[WhiteElo "2030"]
[BlackElo "1701"]
[WhiteFideId "4618963"]
[BlackFideId "1906500"]
[WhiteCountry "GER"]
[BlackCountry "POR"]
[PlyCount "53"]
[EventDate "2019.02.02"]

1. Nf3 d5 2. g3 c5 3. Bg2 Nc6 4. O-O Nf6 5. d3 e6 6. Nbd2 Be7 7. e4 O-O 8. Re1
Qc7 9. e5 Nd7 10. Qe2 f6 11. exf6 Nxf6 12. c3 Bd6 13. d4 cxd4 14. Nxd4 e5 15.
Nb5 Qd7 16. c4 Nb4 17. Nxd6 Nc2 18. Nxc8 Raxc8 19. Rb1 Nxe1 20. Qxe1 Qf5 21. b3
dxc4 22. bxc4 b6 23. Ba3 Rfd8 24. Ne4 Ne8 25. Qb4 h5 26. Bh3 Qxh3 27. Qf8+ 1-0

[Event "Open Portugal 2019"]
[Site "Lisboa POR"]
[Date "2019.02.06"]
[Round "6.76"]
[White "Chingüün, Bayaraa"]
[Black "Kubicka, Anna"]
[Result "1-0"]
[WhiteElo "1817"]
[BlackElo "2186"]
[WhiteFideId "2076608"]
[BlackFideId "1152254"]
[WhiteTitle "CM"]
[BlackTitle "WIM"]
[WhiteCountry "MGL"]
[BlackCountry "POL"]
[PlyCount "113"]
[EventDate "2019.02.02"]

1. d4 Nf6 2. c4 d6 3. Nc3 g6 4. e4 Bg7 5. Nf3 O-O 6. Be2 e5 7. O-O Nc6 8. d5 Ne7
9. Ne1 Ne8 10. Nd3 b6 11. Be3 f5 12. f3 Nf6 13. b4 a5 14. a3 f4 15. Bf2 g5 16.
c5 bxc5 17. bxc5 h5 18. h3 Qe8 19. cxd6 cxd6 20. Be1 Qg6 21. Nf2 Kh8 22. Rc1
Neg8 23. Nb5 g4 24. hxg4 hxg4 25. fxg4 Nh6 26. g5 Qxg5 27. Nxd6 Nfg4 28. Nxg4
Bxg4 29. Rc3 Ra6 30. Bxg4 Nxg4 31. Rh3+ Kg8 32. Nf5 Rxf5 33. exf5 Ne3 34. Qe2
Rd6 35. Bh4 Qg4 36. Rxe3 Qxh4 37. Rh3 Qg5 38. Qe4 Qd8 39. Rd1 Qb6+ 40. Kh1 Rh6
41. Rc1 Rxh3+ 42. gxh3 Qb3 43. Qg2 Qb6 44. Rd1 Kf8 45. d6 Qb3 46. Qa8+ Kf7 47.
Qd5+ Qxd5+ 48. Rxd5 Ke8 49. Rxa5 Bf6 50. Ra4 Kd7 51. Kg2 Kxd6 52. Ra6+ Ke7 53.
Re6+ Kf7 54. Kf3 Bg7 55. a4 Bf6 56. Rxf6+ Kxf6 57. Ke4 1-0

[Event "Open Portugal 2019"]
[Site "Lisboa POR"]
[Date "2019.02.06"]
[Round "6.77"]
[White "Elias, Rúben"]
[Black "Poysti, Nathanael"]
[Result "0-1"]
[WhiteElo "1797"]
[BlackElo "2172"]
[WhiteFideId "1906453"]
[BlackFideId "24622133"]
[WhiteCountry "POR"]
[BlackCountry "GER"]
[PlyCount "132"]
[EventDate "2019.02.02"]

1. e4 c5 2. Nf3 d6 3. d4 cxd4 4. Nxd4 Nf6 5. Nc3 a6 6. Be2 e5 7. Nb3 Be7 8. O-O
O-O 9. Be3 Be6 10. Qd2 Nbd7 11. Rfd1 Qc7 12. f3 Rac8 13. a4 Nb6 14. a5 Nc4 15.
Bxc4 Bxc4 16. Bg5 Rfd8 17. Qe1 h6 18. Bxf6 Bxf6 19. Kh1 Be6 20. Nd2 Qc5 21. Nb3
Qc6 22. Rd2 Bg5 23. Re2 Rd7 24. Na4 Bd8 25. Qb4 Qc4 26. Qxc4 Bxc4 27. Rd2 Bxb3
28. cxb3 Bxa5 29. Rd5 Rdc7 30. Rxd6 Rc1+ 31. Rd1 Rxd1+ 32. Rxd1 b5 33. Nc3 Bxc3
34. bxc3 Rxc3 35. Rb1 Kf8 36. b4 Ke7 37. Kg1 Kd7 38. Ra1 Rc6 39. Kf2 Kc7 40. Rd1
Rc4 41. Rb1 Kb6 42. Rb2 a5 43. bxa5+ Kxa5 44. Ke3 Rc7 45. Ra2+ Kb4 46. Rb2+ Ka4
47. Kd3 b4 48. Ra2+ Kb3 49. Ra5 f6 50. g3 Kb2 51. f4 Re7 52. fxe5 Rxe5 53. Ra7
g5 54. Ra6 f5 55. exf5 Rxf5 56. Rxh6 b3 57. Ke4 Rb5 58. Rf6 Ka2 59. Ra6+ Kb1 60.
Rf6 b2 61. h4 gxh4 62. gxh4 Ka2 63. Rf2 Rb4+ 64. Kd3 Rxh4 65. Kc3 Rh3+ 66. Kb4
Ka1 0-1

[Event "Open Portugal 2019"]
[Site "Lisboa POR"]
[Date "2019.02.06"]
[Round "6.78"]
[White "García Ortega, Manuel"]
[Black "Reis, Luís Sousa"]
[Result "0-1"]
[WhiteElo "1785"]
[BlackElo "2146"]
[WhiteFideId "2227533"]
[BlackFideId "1900609"]
[BlackTitle "NM"]
[WhiteCountry "ESP"]
[BlackCountry "POR"]
[PlyCount "24"]
[EventDate "2019.02.02"]

1. d4 d5 2. Nf3 c5 3. c4 e6 4. Nc3 cxd4 5. Nxd4 e5 6. Nf3 d4 7. Nxe5 f6 8. Qa4+
Nd7 9. Nc6 bxc6 10. Qxc6 dxc3 11. Qxa8 cxb2 12. Bxb2 Bb4+ 0-1

[Event "Open Portugal 2019"]
[Site "Lisboa POR"]
[Date "2019.02.06"]
[Round "6.79"]
[White "Sá, Nuno"]
[Black "Ferreira, Hugo"]
[Result "1/2-1/2"]
[WhiteElo "1767"]
[BlackElo "2136"]
[WhiteFideId "1908219"]
[BlackFideId "1915940"]
[WhiteCountry "POR"]
[BlackCountry "POR"]
[PlyCount "117"]
[EventDate "2019.02.02"]

1. d4 Nf6 2. c4 c5 3. d5 b5 4. cxb5 a6 5. e3 g6 6. Nc3 Bg7 7. Nf3 O-O 8. Be2 Qa5
9. O-O d6 10. Bd2 Bb7 11. bxa6 Nxa6 12. Ne4 Qb6 13. Nxf6+ exf6 14. Bc3 Nb4 15.
Bc4 f5 16. Qb3 Ba6 17. Bxg7 Kxg7 18. a3 Bxc4 19. Qxc4 Na6 20. Qc3+ Kg8 21. Nd2
Nc7 22. Nc4 Qa6 23. Rfd1 Rfe8 24. Rd3 Rab8 25. Rad1 Re4 26. Nd2 Ra4 27. Qc2 Ne8
28. Rb3 Rd8 29. Rc3 Nf6 30. Rc4 Ra5 31. e4 f4 32. Nf3 Re8 33. e5 dxe5 34. Rxc5
Rxc5 35. Qxc5 e4 36. Nd4 Rc8 37. Nc6 Nxd5 38. Qxd5 Qxc6 39. Qxc6 Rxc6 40. Kf1 f5
41. Ke2 Kf7 42. Rd2 Ke6 43. b4 Ra6 44. Ra2 Kd5 45. a4 Rb6 46. b5 Kc4 47. Rc2+
Kb4 48. Rc6 Rb7 49. Ra6 Kc5 50. Rc6+ Kd5 51. Ra6 Rc7 52. b6 Rc2+ 53. Ke1 Rb2 54.
a5 Kc6 55. Ra7 Rb5 56. Rc7+ Kd6 57. Ra7 Kc6 58. Rc7+ Kd6 59. Ra7 1/2-1/2

[Event "Open Portugal 2019"]
[Site "Lisboa POR"]
[Date "2019.02.06"]
[Round "6.80"]
[White "Silva, Tiago Alexandre"]
[Black "Saltvedt, Martin"]
[Result "1/2-1/2"]
[WhiteElo "1750"]
[BlackElo "2095"]
[WhiteFideId "1935321"]
[BlackFideId "1518500"]
[WhiteCountry "POR"]
[BlackCountry "NOR"]
[PlyCount "51"]
[EventDate "2019.02.02"]

1. e4 c5 2. c4 Nc6 3. Nc3 g6 4. g3 Bg7 5. Bg2 e6 6. Nge2 Nge7 7. d3 O-O 8. O-O
b6 9. a3 Bb7 10. Rb1 f5 11. f4 Nd4 12. e5 Bxg2 13. Kxg2 d6 14. Nxd4 cxd4 15.
exd6 Qxd6 16. Na2 Nc6 17. b4 e5 18. b5 Nd8 19. Bd2 Ne6 20. Bb4 Nc5 21. fxe5 Bxe5
22. Bxc5 Qxc5 23. Nb4 Rfc8 24. Qf3 Qf8 25. Rbc1 Bg7 26. Na6 1/2-1/2

[Event "Open Portugal 2019"]
[Site "Lisboa POR"]
[Date "2019.02.06"]
[Round "6.81"]
[White "Javet, Blaise"]
[Black "Aguiar, Carlos"]
[Result "1-0"]
[WhiteElo "2027"]
[BlackElo "1822"]
[WhiteFideId "1305026"]
[BlackFideId "1902571"]
[WhiteCountry "SUI"]
[BlackCountry "POR"]
[PlyCount "75"]
[EventDate "2019.02.02"]

1. e4 c5 2. Nf3 d6 3. d4 cxd4 4. Nxd4 Nf6 5. Nc3 a6 6. Bg5 e6 7. f4 Be7 8. Qe2
h6 9. Bxf6 Bxf6 10. O-O-O Qc7 11. Rd3 Nc6 12. Nxc6 bxc6 13. h4 a5 14. Qd2 d5 15.
e5 Be7 16. Rg3 g6 17. Nd1 h5 18. Bd3 Ba6 19. Qe2 Qb7 20. Rgh3 a4 21. a3 Kd7 22.
g4 hxg4 23. Bxa6 Rxa6 24. Qxg4 Rb6 25. h5 gxh5 26. Qg7 Rf8 27. Rd3 c5 28. Rxh5
c4 29. Rdh3 d4 30. Rh8 Rxh8 31. Rxh8 c3 32. Qxf7 Kc6 33. Qxe6+ Kb5 34. Qf7 Ka5
35. Qe8 cxb2+ 36. Nxb2 Rb5 37. Qa8+ Kb6 38. Rb8 1-0

[Event "Open Portugal 2019"]
[Site "Lisboa POR"]
[Date "2019.02.06"]
[Round "6.82"]
[White "Martins, Diogo"]
[Black "Rego, João Rui"]
[Result "1/2-1/2"]
[WhiteElo "1993"]
[BlackElo "1761"]
[WhiteFideId "1926934"]
[BlackFideId "1934465"]
[WhiteCountry "POR"]
[BlackCountry "POR"]
[PlyCount "153"]
[EventDate "2019.02.02"]

1. c4 e5 2. g3 Nf6 3. Bg2 d6 4. Nc3 Nbd7 5. Nf3 g6 6. O-O Bg7 7. d4 O-O 8. b3
Re8 9. e3 c6 10. Ba3 Qc7 11. Rc1 Nf8 12. dxe5 dxe5 13. Qd6 Qxd6 14. Bxd6 e4 15.
Nd4 Ne6 16. Nde2 Ng5 17. Nf4 Ne6 18. Rfd1 Nxf4 19. Bxf4 Bf5 20. Rd2 Rad8 21.
Rcd1 Rxd2 22. Rxd2 h5 23. Ne2 Ng4 24. h3 Ne5 25. Kf1 Nd3 26. Bd6 Rd8 27. Ba3 Rd7
28. g4 hxg4 29. hxg4 Bxg4 30. Bxe4 Ne5 31. Rxd7 Bxd7 32. Nd4 f5 33. Bg2 Bf8 34.
Bxf8 Kxf8 35. c5 Nd3 36. f4 Nxc5 37. Ke2 Ke7 38. b4 Na6 39. a3 Nc7 40. Kd3 Nd5
41. Nf3 Be6 42. Kd4 Nb6 43. Ne5 Kf6 44. Kc5 g5 45. Kd6 Nd5 46. Bxd5 Bxd5 47.
fxg5+ Kxg5 48. Kc7 Kf6 49. Nd3 b6 50. Kd6 Be4 51. Nf2 Bf3 52. Nh3 c5 53. bxc5
bxc5 54. Kxc5 Ke5 55. Nf2 Be2 56. a4 a6 57. a5 Bf1 58. Nh1 f4 59. exf4+ Kxf4 60.
Nf2 Ke5 61. Nd1 Ke6 62. Ne3 Be2 63. Kc6 Ke7 64. Kc7 Ke8 65. Nc2 Bf1 66. Nb4 Be2
67. Nc6 Bf1 68. Nb8 Be2 69. Kb7 Kd8 70. Nxa6 Bxa6+ 71. Kxa6 Kc8 72. Ka7 Kc7 73.
Ka8 Kc8 74. Ka7 Kc7 75. Ka8 Kc8 76. a6 Kc7 77. a7 1/2-1/2

[Event "Open Portugal 2019"]
[Site "Lisboa POR"]
[Date "2019.02.06"]
[Round "6.83"]
[White "Myrheim, Håkon"]
[Black "Fielding, Michael"]
[Result "1-0"]
[WhiteElo "1993"]
[BlackElo "1791"]
[WhiteFideId "1526820"]
[BlackFideId "447269"]
[WhiteCountry "NOR"]
[BlackCountry "ENG"]
[PlyCount "67"]
[EventDate "2019.02.02"]

1. e4 g6 2. d4 Bg7 3. Nc3 d6 4. Be3 a6 5. f4 Nf6 6. h3 b5 7. e5 Nfd7 8. Qf3 Nb6
9. O-O-O d5 10. Bd3 e6 11. g4 Bd7 12. f5 b4 13. Nce2 Bb5 14. Nf4 Bxd3 15. Nxd3
Qd7 16. Nc5 Qc6 17. Rf1 exf5 18. gxf5 gxf5 19. Ne2 N8d7 20. Bg5 Nxc5 21. dxc5
Nd7 22. Nd4 Qg6 23. Rhg1 Bh6 24. h4 c6 25. Nxf5 Nxe5 26. Re1 f6 27. Nxh6 Rf8 28.
Qh3 Kd8 29. Rxe5 fxg5 30. Re6 Rf6 31. Rxf6 Qxf6 32. hxg5 Qf4+ 33. Kb1 Kc7 34.
Qg3 1-0

[Event "Open Portugal 2019"]
[Site "Lisboa POR"]
[Date "2019.02.06"]
[Round "6.84"]
[White "Godinho, João Quintas"]
[Black "Kocian, Miroslav"]
[Result "0-1"]
[WhiteElo "1719"]
[BlackElo "1992"]
[WhiteFideId "1909193"]
[BlackFideId "303577"]
[WhiteCountry "POR"]
[BlackCountry "CZE"]
[PlyCount "72"]
[EventDate "2019.02.02"]

1. d4 Nf6 2. c4 g6 3. Nc3 d5 4. cxd5 Nxd5 5. e4 Nxc3 6. bxc3 Bg7 7. Bc4 c5 8.
Ne2 O-O 9. O-O Nc6 10. Qa4 cxd4 11. Rd1 Bd7 12. Rb1 Na5 13. Bb5 Bxb5 14. Rxb5 d3
15. Nf4 b6 16. Rxd3 Qc8 17. Nd5 Nc6 18. Ba3 Re8 19. Rf3 Qd8 20. Rd3 Qc8 21. Qd1
e6 22. Ne3 Ne5 23. Rd6 Nc4 24. Nxc4 Qxc4 25. Rb3 Qxe4 26. Rd7 Bf6 27. c4 Rad8
28. Rbd3 Rxd7 29. Rxd7 a5 30. c5 b5 31. h3 b4 32. Qa4 Qe1+ 33. Kh2 Be5+ 34. g3
Qxf2+ 35. Kh1 Bxg3 36. Rd2 Qf1# 0-1

[Event "Open Portugal 2019"]
[Site "Lisboa POR"]
[Date "2019.02.06"]
[Round "6.85"]
[White "Martins, José Carlos"]
[Black "Bouton, Christophe"]
[Result "1-0"]
[WhiteElo "1707"]
[BlackElo "1988"]
[WhiteFideId "1946005"]
[BlackFideId "603813"]
[WhiteCountry "POR"]
[BlackCountry "FRA"]
[PlyCount "125"]
[EventDate "2019.02.02"]

1. e4 g6 2. d4 Bg7 3. Bc4 c6 4. Nf3 d5 5. exd5 cxd5 6. Bb5+ Bd7 7. Bxd7+ Nxd7 8.
O-O Ngf6 9. Re1 O-O 10. Bf4 e6 11. c3 Qb6 12. Qb3 Rfc8 13. Nbd2 Qa6 14. Ne5 Nb6
15. a4 Nc4 16. Ndxc4 dxc4 17. Qd1 Qa5 18. Qe2 Qd5 19. a5 Nd7 20. f3 Nxe5 21.
Bxe5 Rd8 22. Bxg7 Kxg7 23. Ra4 Rac8 24. Qe5+ Qxe5 25. Rxe5 Rd5 26. Rb4 Rxe5 27.
dxe5 Rc5 28. Rxb7 Rxa5 29. f4 Ra2 30. Kf2 a5 31. Ke3 a4 32. Kd4 a3 33. bxa3 Rxa3
34. Rb2 h5 35. g3 Ra4 36. Kc5 g5 37. Kb5 Ra7 38. Kxc4 gxf4 39. gxf4 Kg6 40. Kc5
Rc7+ 41. Kd4 Kf5 42. c4 Rd7+ 43. Ke3 Rc7 44. Rc2 h4 45. c5 Rc6 46. Kd4 h3 47.
Rc3 Kxf4 48. Rxh3 Rc7 49. Rc3 Rd7+ 50. Kc4 Kxe5 51. c6 Re7 52. Kc5 f5 53. Kb6
Kd4 54. Ra3 e5 55. c7 Re6+ 56. Kb7 Re7 57. Kb8 Re8+ 58. c8=Q Rxc8+ 59. Kxc8 e4
60. h4 e3 61. h5 f4 62. h6 e2 63. Ra1 1-0

[Event "Open Portugal 2019"]
[Site "Lisboa POR"]
[Date "2019.02.06"]
[Round "6.86"]
[White "Fidalgo, Daniel"]
[Black "Barros, Luís"]
[Result "1-0"]
[WhiteElo "1981"]
[BlackElo "1751"]
[WhiteFideId "1934279"]
[BlackFideId "23600110"]
[WhiteCountry "POR"]
[BlackCountry "CPV"]
[PlyCount "79"]
[EventDate "2019.02.02"]

1. c4 e5 2. g3 c6 3. d4 e4 4. Nc3 d5 5. Bg2 Bf5 6. cxd5 cxd5 7. Qb3 Nc6 8. Nxd5
Nge7 9. Nxe7 Bxe7 10. e3 Bb4+ 11. Kf1 Be6 12. Qa4 f5 13. a3 Bc4+ 14. Ne2 b5 15.
Qc2 Be7 16. b3 Bd5 17. Nf4 O-O 18. h4 Rc8 19. Qd1 Na5 20. Rb1 Rf6 21. Bd2 Nb7
22. Nxd5 Qxd5 23. b4 Nd6 24. Kg1 Nc4 25. Bc1 Ra6 26. Qb3 Kh8 27. Bf1 Qd6 28.
Bxc4 Rxc4 29. Kg2 Rac6 30. Bb2 Qg6 31. d5 Rc8 32. h5 Qd6 33. h6 Bf6 34. hxg7+
Bxg7 35. Bxg7+ Kxg7 36. Qb2+ Rc3 37. Rbc1 Qf6 38. Rcd1 Kg6 39. d6 Rd3 40. Rh6+
1-0

[Event "Open Portugal 2019"]
[Site "Lisboa POR"]
[Date "2019.02.06"]
[Round "6.87"]
[White "Alves, Fernando"]
[Black "Mendes, Modeste"]
[Result "0-1"]
[WhiteElo "1651"]
[BlackElo "1981"]
[WhiteFideId "1905678"]
[BlackFideId "1925920"]
[WhiteCountry "POR"]
[BlackCountry "POR"]
[PlyCount "52"]
[EventDate "2019.02.02"]

1. e4 e5 2. Nf3 Nc6 3. Bc4 f5 4. d4 exd4 5. Nxd4 Qe7 6. Bd5 Nxd4 7. Qxd4 c6 8.
Bb3 Qxe4+ 9. Qxe4+ fxe4 10. c4 Bb4+ 11. Bd2 Bxd2+ 12. Nxd2 Nf6 13. O-O d5 14.
Rfe1 Bf5 15. cxd5 cxd5 16. f3 O-O-O 17. g4 Bd7 18. g5 Nh5 19. fxe4 dxe4 20. Nxe4
Bc6 21. Re3 Nf4 22. Rc1 Kb8 23. Nc5 Rd2 24. Na6+ Kc8 25. Bd1 Rf8 26. Nc5 Rg2+
0-1

[Event "Open Portugal 2019"]
[Site "Lisboa POR"]
[Date "2019.02.06"]
[Round "6.88"]
[White "Cavadas, José"]
[Black "Taranin, Konstantin"]
[Result "0-1"]
[WhiteElo "1580"]
[BlackElo "1976"]
[WhiteFideId "1904990"]
[BlackFideId "24109002"]
[WhiteCountry "POR"]
[BlackCountry "RUS"]
[PlyCount "62"]
[EventDate "2019.02.02"]

1. d4 Nf6 2. Nf3 g6 3. c4 Bg7 4. Nc3 O-O 5. e4 d6 6. Be2 Bg4 7. h3 Bxf3 8. Bxf3
Nc6 9. Be3 e5 10. d5 Ne7 11. O-O Nd7 12. Rc1 f5 13. Bg5 f4 14. b4 a6 15. Ne2 h6
16. Bxe7 Qxe7 17. Nc3 Nf6 18. Qb3 g5 19. c5 h5 20. g4 fxg3 21. fxg3 g4 22. Bg2
Bh6 23. Rc2 gxh3 24. Bxh3 Ng4 25. Bxg4 Be3+ 26. Kg2 hxg4 27. Rh1 Qf7 28. Nd1
Qf3+ 29. Kh2 Kg7 30. Qxe3 Rh8+ 31. Kg1 Rxh1# 0-1

[Event "Open Portugal 2019"]
[Site "Lisboa POR"]
[Date "2019.02.06"]
[Round "6.89"]
[White "Funk, Matthias"]
[Black "Pipiras, Filipa"]
[Result "0-1"]
[WhiteElo "1492"]
[BlackElo "1964"]
[WhiteFideId "1901990"]
[BlackFideId "1944894"]
[WhiteCountry "POR"]
[BlackCountry "POR"]
[PlyCount "102"]
[EventDate "2019.02.02"]

1. c4 e6 2. Nc3 d5 3. d4 Be7 4. Bf4 Nf6 5. e3 O-O 6. cxd5 exd5 7. Bd3 c6 8. Nge2
Nbd7 9. O-O b6 10. Rc1 Bb7 11. a3 Rc8 12. Bb1 c5 13. Qd3 c4 14. Qc2 a6 15. Be5
Re8 16. Nf4 g6 17. Rcd1 Bf8 18. Rfe1 Nxe5 19. dxe5 Rxe5 20. Rd4 Bc5 21. Rdd1 b5
22. b4 cxb3 23. Qxb3 Qa5 24. Nd3 Ree8 25. Nb4 d4 26. exd4 Bxd4 27. Rxe8+ Rxe8
28. Ba2 Re7 29. Ne2 Bc5 30. Ng3 Bxf2+ 31. Kh1 Qb6 32. h3 a5 33. Nc2 Bd5 34. Qb2
Bxa2 35. Qxa2 Bxg3 36. Qb3 Ne4 37. Rd4 Nf2+ 38. Kg1 Qxd4 39. Qxg3 Re1+ 40. Nxe1
Ne4+ 41. Kh2 Nxg3 42. Kxg3 Qe3+ 43. Nf3 Qxa3 44. h4 b4 45. Kg4 h5+ 46. Kf4 Qc1+
47. Ke5 b3 48. Ng5 b2 49. Kf6 b1=Q 50. Nxf7 Qf5+ 51. Ke7 Qxf7+ 0-1